01226cam a2200301 c 450000100060000000300100000600500170001600700030003300800410003602000150007704000350009204100080012710000490013524501170018425000120030126400600031330000570037333600270043033700330045733800280049049000230051850000520054165000520059394200150064599900170066095201300067795201170080757620CO-BoRNBP20250715143043.0ta000512s1996 ck a ar 000 pdspa d a9583002801 aCO-BoRNBPbspaerdacCO-BoRNBP aspa aGuillén, Nicolás,d1902-1989eaut96114010aPor el mar de las Antillas anda un barco de papel :bpoemas para niños mayores de edad /cNicolás Guillén. a1a. ed. 1aSanta Fé de Bogotá, Colombia :bPanamericana,c1996 a62 páginas :bilustraciones a color, fotografías atextobtxt2rdacontent asin mediaciónbn2rdamedia avolumenbnc2rdacarrier0 aColección corcel aIncluye datos biográficos del autor en solapa07aPoesía infantil cubanaysiglo xx2lemb961141 n1cBK2ddc c57620d57620 00102ddc40708INFaMEMACAREbMEMACAREcSInfd2025-07-15l0o15/07/2025pLM02613r2025-07-15 14:31:52tEj.1w2025-07-15yBK 00102ddc40708INFaMEMESETAbMEMESETAd2025-09-09l0oNIGpME02296r2025-09-09 20:22:28tEj.1w2025-09-09yBK